| 000 | 01838ngm a22005172a 4500 | ||
|---|---|---|---|
| 001 | zcodcb b6883417 | ||
| 003 | MWT | ||
| 005 | 20241112110303.0 | ||
| 007 | vd cvaizs | ||
| 008 | 210603s2021 xxu091 j vleng d | ||
| 020 |
_a032429342713 : _c$21.99 |
||
| 024 | 1 | _a032429342713 | |
| 028 | 4 | 2 | _a13568937 |
| 040 |
_aMidwest _erda |
||
| 092 | _aDVD | ||
| 245 | 0 | 0 |
_aSpongebob Movie: Sponge on the Run _h[dvd] |
| 250 | _aWidescreen ed. | ||
| 260 |
_a[United States] : _bParamount, _c2021. |
||
| 264 |
_a[United States] : _bParamount, _c2021. |
||
| 300 |
_a1 videodisc (ca. 91 min.) : _bsd., col. ; _c4 3/4 in. |
||
| 500 | _a07/13/2021. | ||
| 508 | _aDirector, Tim Hill. | ||
| 511 | 1 | _aTom Kenny, Bill Fagerbakke, Carolyn Lawrence, Rodger Bumpass, Mr. Lawrence, Matt Berry, Snoop Dogg, Keanu Reeves, Awkwafina, Clancy Brown. | |
| 520 | _aAfter SpongeBob's beloved pet snail Gary is snail-napped, he and Patrick embark on an epic adventure to the Lost City of Atlantic City to bring Gary home. | ||
| 521 | 8 | _aMPAA rating: PG. | |
| 538 | _aDVD. | ||
| 546 | _aEnglish, French, Spanish audio; English, French, Spanish subtitles. | ||
| 546 | _aEnglish subtitles for the deaf and hard of hearing. | ||
| 655 | 4 | _aChildren's. | |
| 700 | 1 |
_aKenny, Tom. _949104 |
|
| 700 | 1 |
_aFagerbakke, Bill. _96400077 |
|
| 700 | 1 |
_aLawrence, Carolyn. _971342 |
|
| 700 | 1 |
_aBumpass, Rodger. _970211 |
|
| 700 | 1 |
_aLawrence, Mr. _970007 |
|
| 700 | 1 |
_aBerry, Matt. _96422565 |
|
| 700 | 1 |
_aSnoop Dogg, _d1972- _976280 |
|
| 700 | 1 | _aReeves, Keanu. | |
| 700 | 1 |
_aAwkwafina, _96422566 |
|
| 700 | 1 |
_aBrown, Clancy, _965283 |
|
| 856 | 7 |
_3View cover art _uhttps://thumbnail.midwesttape.com/13568937_180.jpg _2https |
|
| 907 | _a.b454931918 | ||
| 942 |
_2ddc _cDVD |
||
| 999 |
_c363111 _d363111 |
||